[Event "CZE-chT2B 1314"]
[Site "Czech Republic"]
[Date "2014.01.05"]
[Round "5.2"]
[White "Chaloupka, Vladimir"]
[Black "Tuma, Jakub"]
[Result "0-1"]
[WhiteElo "2065"]
[BlackElo "2322"]
[PlyCount "80"]
[EventDate "2013.11.03"]
[EventType "team-tourn"]
[EventRounds "11"]
[EventCountry "CZE"]
[SourceTitle "EXT 2015"]
[Source "ChessBase"]
[SourceDate "2014.11.20"]
[SourceVersion "1"]
[SourceVersionDate "2014.11.20"]
[SourceQuality "1"]
[WhiteTeam "Litomerice"]
[BlackTeam "Vysehrad"]
[WhiteTeamCountry "CZE"]
[BlackTeamCountry "CZE"]

1. d4 Nf6 2. Nf3 g6 3. g3 Bg7 4. Bg2 0-0 5. 0-0 d6 6. c4 c6 7. Nc3 Qa5 8. h3 Be6 9. Nd2 Qa6 10. d5 cxd5 11. cxd5 Bc8 12. Re1 Nbd7 13. e4 Nc5 14. Bf1 Qb6 15. Rb1 a5 16. Nc4 Qc7 17. b3 Bd7 18. a4 b6 19. Bg5 h6 20. Bd2 Bc8 21. Kh2 Ba6 22. f4 Rac8 23. Be3 Nfd7 24. e5 Bxc4 25. bxc4 dxe5 26. Nb5 Qb8 27. Qg4 h5 28. Qe2 Nxa4 29. f5 Nac5 30. fxg6 fxg6 31. Bg2 e4 32. Rbd1 Be5 33. d6 exd6 34. Bh6 Bxg3+ 35. Kh1 Bxe1 36. Qxe1 Rf6 37. Bxe4 Nxe4 38. Qxe4 Qa8 39. Rd5 Re8 40. Qc2 Re5 0-1

[Event "Kadan op"]
[Site "Kadan"]
[Date "2014.??.??"]
[Round "6"]
[White "Haba, Zdenek"]
[Black "Tuma, Jakub"]
[Result "1/2-1/2"]
[WhiteElo "2256"]
[BlackElo "2338"]
[PlyCount "42"]
[EventDate "2014.08.??"]
[EventType "swiss"]
[EventRounds "9"]
[EventCountry "CZE"]
[SourceTitle "EXT 2016"]
[Source "ChessBase"]
[SourceDate "2015.10.08"]
[SourceVersion "1"]
[SourceVersionDate "2015.10.08"]
[SourceQuality "1"]

1. d4 Nf6 2. c4 g6 3. Nc3 Bg7 4. e4 d6 5. Be2 0-0 6. Bg5 c5 7. d5 a6 8. a4 Qa5 9. Bd2 e6 10. Nf3 h6 11. 0-0 e5 12. Qc1 Kh7 13. Ne1 Ne8 14. Nd3 f5 15. f4 Qc7 16. a5 Qe7 17. fxe5 dxe5 18. Be3 Nd7 19. Na4 Nd6 20. Ndxc5 fxe4 21. Qc2 Nf5 1/2-1/2

[Event "Kadan op"]
[Site "Kadan"]
[Date "2014.??.??"]
[Round "8"]
[White "Vykouk, Jan"]
[Black "Tuma, Jakub"]
[Result "1-0"]
[WhiteElo "2091"]
[BlackElo "2338"]
[PlyCount "75"]
[EventDate "2014.08.??"]
[EventType "swiss"]
[EventRounds "9"]
[EventCountry "CZE"]
[SourceTitle "EXT 2016"]
[Source "ChessBase"]
[SourceDate "2015.10.08"]
[SourceVersion "1"]
[SourceVersionDate "2015.10.08"]
[SourceQuality "1"]

1. e4 c5 2. Nf3 e6 3. d4 cxd4 4. Nxd4 Nf6 5. Nc3 d6 6. Be2 Be7 7. 0-0 0-0 8. Kh1 Nc6 9. f4 a6 10. Bf3 Bd7 11. Be3 Rc8 12. Nb3 Na5 13. Nxa5 Qxa5 14. Qd2 Kh8 15. g4 Bc6 16. g5 Nd7 17. h4 f5 18. gxf6 Nxf6 19. a3 Nh5 20. Rg1 Be8 21. Bg4 Rf6 22. Nd5 Qxd2 23. Bxd2 Rxc2 24. Nxf6 Nxf6 25. Bc3 Rf2 26. Bxe6 Rxf4 27. Bd5 Rxh4+ 28. Kg2 Nxd5 29. exd5 Bf7 30. Kf2 Rh2+ 31. Ke3 Bg6 32. Rac1 Rh3+ 33. Ke2 Rh2+ 34. Ke3 Rh3+ 35. Ke2 Bh5+ 36. Kd2 Rh2+ 37. Kd3 Bf8 38. Bxg7+ 1-0

[Event "CZE-chT2B 1314"]
[Site "Czech Republic"]
[Date "2013.12.01"]
[Round "3.1"]
[White "Tuma, Jakub"]
[Black "Juptner, Jan"]
[Result "1-0"]
[WhiteElo "2322"]
[BlackElo "2349"]
[PlyCount "103"]
[EventDate "2013.11.03"]
[EventType "team-tourn"]
[EventRounds "11"]
[EventCountry "CZE"]
[SourceTitle "EXT 2015"]
[Source "ChessBase"]
[SourceDate "2014.11.20"]
[SourceVersion "1"]
[SourceVersionDate "2014.11.20"]
[SourceQuality "1"]
[WhiteTeam "Vysehrad"]
[BlackTeam "Praha Bohemians II"]
[WhiteTeamCountry "CZE"]
[BlackTeamCountry "CZE"]

1. e4 c5 2. Nc3 Nc6 3. Nf3 e5 4. Bc4 Be7 5. d3 d6 6. Nd5 Nf6 7. Ne3 Be6 8. a4 0-0 9. 0-0 d5 10. Bb5 dxe4 11. Bxc6 bxc6 12. dxe4 Qc7 13. Nd2 Rfd8 14. Qe2 Nd7 15. b3 f6 16. Bb2 Nf8 17. g3 Bf7 18. f4 exf4 19. gxf4 Ne6 20. Nf5 Nd4 21. Bxd4 cxd4 22. Qg2 Bf8 23. Nh6+ Kh8 24. Nxf7+ Qxf7 25. Rf3 Re8 26. e5 fxe5 27. fxe5 Qd5 28. Nc4 Re6 29. Raf1 Kg8 30. Qh3 Rae8 31. Qf5 Rg6+ 32. Kh1 Be7 33. Qf7+ Qxf7 34. Rxf7 h6 35. R7f3 Bb4 36. h3 Ree6 37. Rg1 Kh7 38. Rg4 h5 39. Rxd4 Bc5 40. Rd2 Rg1+ 41. Kh2 Re1 42. Rg2 Bd4 43. Rf7 Rg6 44. Rxg6 Kxg6 45. Rd7 c5 46. Rxa7 Re2+ 47. Kg3 Rxc2 48. Kf4 Rc3 49. e6 Rxb3 50. e7 Rb8 51. Nd6 c4 52. Rb7 1-0